000 00794nam a2200253 i 4500
001 000030600
003 DO-SdBNP
005 20260130092022.0
007 ta
008 240122s1927 dr ac 000 | spa d
040 _aDO-SdBNP
_bspa
_cBNPHU
_erda
041 _hspa
082 4 _axxx
_bU92s
_222
100 1 _aCipriano, Utrera de,
_d1886-1958
_cFray Cipriano de Utrera
_eautor
_4aut.
_950420
245 1 0 _aSanto Domingo dilucidaciones históricas /
_cCipriano de Utrera
264 1 _aSanto Domingo :
_bImprenta De "Dios y Patria,
_c1927.
300 _avolumen :
_bilustraciones, retratos ;
_c21 cm.
336 _atexto
_btxt
_2rdacontent
337 _asinmediación
_bn
_2rdamedia
338 _avolumen
_bnc
_2rdacarrier
590 _aInventariado, 2025/DG
910 _aDG
942 _2ddc
_cLBS1
999 _c58076
_d58076